000 00433nam a2200181 a 4500
001 13320
003 CO-ViMGA
008 141112s2004 ck r 000 u spa d
020 _a8401376157
040 _aCO-ViMGA
_bspa
_cCO-ViMGA
082 0 4 _a863 A576l
100 1 _aAnson, Beatriz
_919518
245 1 0 _aLucia
260 _aEspaña.Plaza y Janes S.A.,
_c1998
300 _a188
650 1 4 _aNOVELA ESPAÑOLA
_9488
942 _2ddc
_cBK
999 _c24068
_d24068